[Event "WC-2018-P-00016"]
[Site "LSS email"]
[Date "2014.02.03"]
[Round "?"]
[White "Feng, Jason"]
[Black "Vasilyev, Eugene"]
[Result "0-1"]
[WhiteElo "868"]
[BlackElo "2063"]
[PlyCount "56"]
[EventDate "2014.02.10"]
[EventType "tourn (corr)"]
[EventRounds "12"]
[EventCountry "GER"]
[SourceTitle "Corr 2015"]
[Source "ChessBase"]
[SourceDate "2015.07.17"]
[SourceVersion "1"]
[SourceVersionDate "2015.07.17"]
[SourceQuality "1"]

1. e4 c5 2. Nf3 d6 3. c3 Nf6 4. Be2 Nbd7 5. d3 g6 6. 0-0 Bg7 7. h3 0-0 8. Be3 b6 9. Qd2 c4 10. Bh6 cxd3 11. Bxd3 Bb7 12. Bxg7 Kxg7 13. Re1 Nc5 14. e5 dxe5 15. Nxe5 Nxd3 16. Qxd3 Qxd3 17. Nxd3 Rad8 18. Nf4 e5 19. Rxe5 Rd1+ 20. Kh2 Be4 21. Re7 Re8 22. Rxa7 g5 23. Ne2 Bxb1 24. Nd4 Ree1 25. Nf3 Rh1+ 26. Kg3 Bg6 27. Rxd1 Ne4+ 28. Kg4 h5# 0-1

[Event "WC-2018-P-00016"]
[Site "LSS email"]
[Date "2014.02.03"]
[Round "?"]
[White "Vasilyev, Eugene"]
[Black "Feng, Jason"]
[Result "1-0"]
[WhiteElo "2063"]
[BlackElo "868"]
[PlyCount "47"]
[EventDate "2014.02.10"]
[EventType "tourn (corr)"]
[EventRounds "12"]
[EventCountry "GER"]
[SourceTitle "Corr 2015"]
[Source "ChessBase"]
[SourceDate "2015.07.17"]
[SourceVersion "1"]
[SourceVersionDate "2015.07.17"]
[SourceQuality "1"]

1. e4 e5 2. Nf3 Nc6 3. Bb5 a6 4. Ba4 Nf6 5. 0-0 b5 6. Bb3 Bc5 7. c3 d6 8. a4 Bb7 9. d4 exd4 10. cxd4 Bb6 11. axb5 axb5 12. Rxa8 Qxa8 13. e5 dxe5 14. dxe5 Ng4 15. Bxf7+ Kf8 16. Bd5 Nxf2 17. Rxf2 Bxf2+ 18. Kxf2 Qa7+ 19. Be3 Qa4 20. Bc5+ Ke8 21. Bf7+ Kxf7 22. Qd7+ Kg6 23. Qe6+ Kh5 24. Qf5+ 1-0

[Event "WC-2018-P-00016"]
[Site "LSS email"]
[Date "2014.02.03"]
[Round "?"]
[White "Vasilyev, Eugene"]
[Black "Reede, Arvo"]
[Result "1-0"]
[WhiteElo "2063"]
[BlackElo "1706"]
[PlyCount "135"]
[EventDate "2014.02.10"]
[EventType "tourn (corr)"]
[EventRounds "12"]
[EventCountry "GER"]
[SourceTitle "Corr 2015"]
[Source "ChessBase"]
[SourceDate "2015.07.17"]
[SourceVersion "1"]
[SourceVersionDate "2015.07.17"]
[SourceQuality "1"]

1. e4 e5 2. Nf3 Nc6 3. Bb5 a6 4. Ba4 Nf6 5. 0-0 d6 6. Re1 b5 7. Bb3 Be7 8. c3 0-0 9. h3 Na5 10. Bc2 c5 11. d4 cxd4 12. cxd4 Bb7 13. d5 Qc7 14. Bd3 Nd7 15. b4 Nc4 16. a4 bxa4 17. Nc3 a3 18. Bxa3 Nxa3 19. Rxa3 Rfb8 20. Qe2 a5 21. b5 Nc5 22. Rc1 Nxd3 23. Qxd3 Bc8 24. Na2 Qd8 25. Rc6 g6 26. Nc3 f5 27. Nd2 fxe4 28. Qxe4 Bf5 29. Qe2 Bd7 30. Ra1 Kg7 31. Nc4 a4 32. b6 Bxc6 33. dxc6 Rxb6 34. c7 Qxc7 35. Nd5 Qb7 36. Ndxb6 Ra6 37. Nxa4 Qc6 38. Ncb2 Bf6 39. Qd2 h6 40. Rc1 Qb7 41. Rc4 d5 42. Rc5 d4 43. Qc2 Ra7 44. Rc6 Qd7 45. g4 Qd5 46. Nd3 Qf7 47. Nac5 Ra1+ 48. Kh2 Qd5 49. Rc7+ Kh8 50. Nc1 Bg5 51. N5b3 Ra6 52. Rc8+ Kg7 53. Qc7+ Qf7 54. Qxe5+ Bf6 55. Qc5 Be7 56. Qxd4+ Bf6 57. Qc4 Qxc4 58. Rxc4 Be7 59. Rc7 Kf6 60. Kg2 Rb6 61. Nd2 Re6 62. Kf3 g5 63. Ne4+ Kf7 64. Ne2 Kg6 65. Nd4 Bf6 66. Nxe6 h5 67. Nf8+ Kh6 68. Rh7# 1-0

[Event "CP-2013-P-00054"]
[Site "LSS email"]
[Date "2013.09.30"]
[Round "?"]
[White "Koch, Christian"]
[Black "Vasilyev, Eugene"]
[Result "1/2-1/2"]
[WhiteElo "2265"]
[BlackElo "2064"]
[PlyCount "85"]
[EventDate "2013.10.01"]
[EventType "tourn (corr)"]
[EventRounds "6"]
[EventCountry "GER"]
[SourceTitle "Corr 2022"]
[Source "ChessBase"]
[SourceDate "2021.10.24"]
[SourceVersion "1"]
[SourceVersionDate "2021.10.24"]
[SourceQuality "1"]

1. e4 c5 2. Nf3 d6 3. d4 cxd4 4. Nxd4 Nf6 5. Nc3 a6 6. Be3 e5 7. Nb3 Be6 8. f3 h5 9. Nd5 Bxd5 10. exd5 Nbd7 11. Qd2 g6 12. Be2 Bg7 13. 0-0 b6 14. a4 0-0 15. Rfc1 e4 16. f4 Ng4 17. Bxg4 hxg4 18. Nd4 Qh4 19. Rf1 f5 20. Ra3 Rfc8 21. Rb3 Bxd4 22. Bxd4 Rc4 23. Rb4 Rac8 24. Rxc4 Rxc4 25. b3 Rc7 26. Qe2 Qd8 27. Rd1 Nc5 28. Qf2 Qe7 29. Re1 Qh7 30. Re3 Qh5 31. a5 bxa5 32. h3 Rh7 33. Bxc5 dxc5 34. Qd2 Qh6 35. Rc3 Rd7 36. d6 Qh4 37. hxg4 fxg4 38. Qd5+ Kh7 39. g3 Qd8 40. Qxc5 Rxd6 41. Qc7+ Qxc7 42. Rxc7+ Kh6 43. Kf2 1/2-1/2